000 00840nam a2200205 a 4500
005 20210223125508.0
008 991125c2000 agu 000 0 spa u
020 _a9701327926
035 _aUPN01000135833
049 _aC
050 4 _aHA770
_bno. 554
110 2 _aInstituto Nacional de Estadística, Geografía e Informática (México)
245 1 0 _aAzcapotzalco :
_bDistrito Federal, : cuaderno estadístico delegacional : edición 1999 /
_cInstituto Nacional de Estadística, Geografía e Informática.
260 _aAguascalientes :
_bGobierno del Distrito Federal :
_bINEGI,
_c2000.
300 _axiii, 137 p. :
_bgráfs., mapas.
650 4 _aURBANISMO -
_zMEXICO (D.F.)
_922629
651 4 _aAZCAPOTZALCO, D.F. -
_xCONDICIONES ECONOMICAS
_94297
651 4 _aAZCAPOTZALCO, D.F. -
_xPOBLACION -
_vESTADISTICA
_94304
905 _aLibro
999 _c107984
_d107984